[Event "ESP-chT CECLUB Div2"]
[Site "Linares"]
[Date "2014.08.19"]
[Round "3.5"]
[White "Runza Rodriguez, David"]
[Black "Lopez del Alamo, Antonio"]
[Result "0-1"]
[WhiteElo "1761"]
[BlackElo "2275"]
[PlyCount "67"]
[EventDate "2014.08.18"]
[EventType "team-swiss"]
[EventRounds "6"]
[EventCountry "ESP"]
[SourceTitle "CBM 162 Extra"]
[Source "ChessBase"]
[SourceDate "2014.10.17"]
[SourceVersion "1"]
[SourceVersionDate "2014.10.17"]
[SourceQuality "1"]
[WhiteTeam "Grupo 64"]
[BlackTeam "Villalba 64"]
[WhiteTeamCountry "ESP"]
[BlackTeamCountry "ESP"]

1. e4 c5 2. Nf3 e6 3. d4 cxd4 4. Nxd4 Nf6 5. Nc3 Nc6 6. Be3 Bb4 7. f3 d5 8. Nxc6 bxc6 9. e5 Nd7 10. f4 Nc5 11. a3 Bxc3+ 12. bxc3 Qa5 13. Bd2 Ba6 14. Be2 Ne4 15. Bxa6 Qxa6 16. Qe2 Qa4 17. Qd3 c5 18. c4 Nxd2 19. Qxd2 Qxc4 20. Kf2 0-0 21. Rhb1 f6 22. Kg1 fxe5 23. fxe5 Rf5 24. Re1 Raf8 25. Re2 d4 26. h3 Qd5 27. Rae1 Rf4 28. Rd1 h5 29. Rde1 h4 30. Rd1 R8f5 31. Rde1 Kh8 32. Qa5 Rf7 33. Qd2 Qd8 34. Qd1 0-1

[Event "ESP-chT U16 4th"]
[Site "Benidorm"]
[Date "2011.12.07"]
[Round "1.4"]
[White "Runza Rodriguez, David"]
[Black "Laino Alvarez, Marcos"]
[Result "0-1"]
[WhiteElo "1499"]
[BlackElo "1902"]
[PlyCount "102"]
[EventDate "2011.12.07"]
[EventType "team"]
[EventRounds "6"]
[EventCountry "ESP"]
[SourceTitle "EXT 2015"]
[Source "ChessBase"]
[SourceDate "2014.11.20"]
[SourceVersion "1"]
[SourceVersionDate "2014.11.20"]
[SourceQuality "1"]
[WhiteTeam "Grupo 64 (U16)"]
[BlackTeam "Cajacanarias (U16)"]
[WhiteTeamCountry "ESP"]
[BlackTeamCountry "ESP"]

1. e4 d5 2. exd5 Qxd5 3. Nc3 Qa5 4. d4 c6 5. Nf3 Nf6 6. Bc4 Bf5 7. 0-0 e6 8. Bd2 Qb6 9. Bb3 Bd6 10. Re1 0-0 11. h3 Nbd7 12. Be3 Qc7 13. Nd2 Rad8 14. Nc4 Bh2+ 15. Kh1 b5 16. Nd2 Bd6 17. a4 a6 18. axb5 axb5 19. Qf3 b4 20. Ne2 Nd5 21. Ra6 Ra8 22. Rea1 Qb7 23. Rxa8 Rxa8 24. Rxa8+ Qxa8 25. Nc4 Bc7 26. g4 Bg6 27. h4 h6 28. Nf4 Bh7 29. g5 hxg5 30. hxg5 Bf5 31. Kg2 Qd8 32. Nxd5 cxd5 33. Nd2 Nf8 34. Qh5 Ng6 35. Nf1 Ne7 36. Ng3 Bg6 37. Qe2 Qb8 38. Bd2 Qb6 39. Qe3 Nc6 40. Ne2 Bh5 41. f3 Ne7 42. Ng3 Bxg3 43. Qg1 Bb8 44. Be3 Qd6 45. Kf1 Bxf3 46. Qf2 Be4 47. Qh4 Nf5 48. Qf2 Nxe3+ 49. Qxe3 Qf4+ 50. Qxf4 Bxf4 51. Ke2 Bxg5 0-1